Un mot, un personnage de Genshin Impact - Statistiques

Statistiques générales
  • Ce quiz a été pris 835 fois
    199 depuis la dernière actualisation
  • Le résultat moyen est 11 sur 20
Statistiques - réponses
Indice Personnage % Correct
Bibliothèque Lisa
100%
Loup Razor
96%
Planeur Amber
92%
Explosion Klee
90%
Zombie Qiqi
89%
Malchance Bennett
87%
Lanterne Flins
87%
Pirate Beidou
86%
Anubis Cyno
85%
Moto Mavuika
84%
Vin Diluc
83%
Plongée Freminet
79%
Funérarium Hu Tao
79%
Requin Mualani
79%
Robot Ineffa
78%
Journaliste Charlotte
77%
Roller Xilonen
77%
Pissenlit Jean
76%
Magicien Lyney
76%
Barde Venti
76%
Renard Yae Miko
76%
Contrat Zhongli
76%
Parfum Emilie
75%
Serpent Baizhu
74%
Pixel Kinich
74%
Juge Neuvillette
74%
Abîme Skirk
73%
Détective Shikanoin Heizou
71%
Feu d'artifice Yoimiya
71%
Exorciste Chongyun
70%
Piment Xiangling
70%
Frère Aether
68%
Rock Xinyan
68%
Scarabée Arataki Itto
67%
Méduse Sangonomiya Kokomi
67%
Aranara Nahida
65%
Forêt Tighnari
65%
Barmaid Diona
64%
Baleine Tartaglia
64%
Père Arlecchino
63%
Servante Noëlle
63%
Pâtisserie Escoffier
61%
Architecte Kaveh
61%
Yelan
60%
Mamie Citlali
59%
Prinzessin Fischl
59%
Droit Yanfei
59%
Cerf Lauma
58%
Livraison Kirara
57%
Danse Nilou
57%
Marionnette Nomade
57%
Idole Barbara
56%
Infirmerie Sigewinne
55%
Couture Chiori
54%
Haltère Iansan
53%
Prison Wriothesley
52%
Peinture Albedo
50%
Cavalerie Kaeya
50%
Soeur Lumine
50%
Arbalète Mika
50%
Fauchée Mona
50%
Scribe Alhaitham
48%
Magicienne Lynette
48%
Kniepertie Aino
47%
Baptême Dahlia
47%
Alioth Keqing
47%
Opéra Yun Jin
47%
Western Chasca
46%
C12H22O11 Sucrose
46%
Bain Yumemizuki Mizuki
45%
Grandir Sayu
44%
Mousquet Chevreuse
43%
Boba Kamisato Ayato
43%
Gothique Rosalia
42%
Grue Xianyun
42%
Toupie Kachina
41%
Jade Ningguang
40%
Catch Varesa
40%
Fric Dori
38%
Sauriens Ifa
38%
Érable Kaedehara Kazuha
38%
Narcolepsie Layla
37%
Vengeance Eula
36%
Écrivain Xingqiu
36%
Bouclier Candace
35%
Duel Clorinde
35%
Éléazar Collei
35%
Petit-fils Ororon
35%
Secrétaire Ganyu
33%
Prophétie Furina
32%
Résistance Gorou
31%
Tengu Kujou Sara
29%
Lapin Yaoyao
29%
Mercenaire Dehya
27%
Wushou Gaming
23%
Karma Xiao
21%
Masque Kuki Shinobu
20%
Chaussettes Kamisato Ayaka
17%
Tante Shenhe
16%
Patronne Navia
14%
Intruse Aloy
12%
Madame Faruzan
12%
Rotin Lan Yan
9%
Silence Sethos
6%
Ombre Shogun Raiden
5%
Maison Thomas
0%
Aucun quiz correspondant
Distribution des résultats
% des personnes avec chaque résultat
Percentile par nombre de réponses
Votre historique - résultats
Vous n’avez pas pris ce quiz depuis la dernière actualisation